000 00480nab a2200145Ia 4500
003 ES-SlBCS
005 20230622162713.0
008 140529s1974 xxu||||| |||| 00| 0 eng d
041 _aeng
100 1 _aHagdopoulos, Demetrius J.
_9155807
245 0 2 _aA Note on Aristotle's Theory of Identity
_c Demetrius J. Hagdopoulos
600 0 0 _aAristóteles
_d384-322 a.C.
_913292
773 0 _tPhilosophy and Phenomenological Research
_gvol. 35, 1974, págs. 113-114
_wRev1411
942 _cAR
999 _c527021
_d527021